00811nam a2200229 a 4500008004100000020001400041040002500055044001100080080001100091080002600102080001500128100002300143245011700166260004900283300001000332500014200342700000800484700002700492700002600519700002800545041000800573951213s1974||||CS 0 slo c c46 Kčs. aSNKbslocSNKeAACR2 axocSK a882-94 a92 Napoleon Bonaparte a940"17/18"1 aManfred, Albert Z.10aNapoleon BonapartecAlbert Z. Manfred ; Oľga Gažová, Karol Šrámek, Karol Rosmány, Napoleon Bonaparte aBratislavabPravdac1974eBratislavafPravda c21 cm aLit. 678. Pozn. Ilustr. na front. a predsádkach. Men. reg. 678 zázn. lit. o knihách, čl. a novinách v jaz. slov., rus. a franc.1 4prk1 aŠrámek, Karol4prk1 aRosmány, Karol4gup1 aNapoleon Bonaparte4ini aslo